Neúplné rodiny v současné společnosti : diplomová práce Kateřina Maněnová ; vedoucí práce PaeDr. Petr Klíma
Record details
- Physical Description: nestr. tab. v textu
- Publisher: Praha JABOK - Vyšší sociálně pedagogická a teologická škola 1998
Content descriptions
| Bibliography, etc. Note: | bibliogr. |
Available copies
- 2 of 2 copies available at Common Catalog SPOK.
Holds
- 0 current holds with 2 total copies.
Show Only Available Copies
| Location | Call Number / Copy Notes | Barcode | Shelving Location | Status | Due Date |
|---|---|---|---|---|---|
| Jabok Library | ABP-0097 | 424480002154 | Depozitář - Absolv. práce | Reference | - |
| Jabok Library | ABP-0097 | 424480002282 | Absolventské práce | Reference | - |
| LDR | 00826ntm a22 a 4500 | ||
|---|---|---|---|
| 001 | 7910 | ||
| 003 | CZ-PrJAB | ||
| 005 | 20020429000000.0 | ||
| 008 | 990122s1998 xr e |||| |cze | ||
| 009 | cz | ||
| 035 | . | ‡a(CONS)7910 | |
| 035 | . | ‡aKPS0004248 | |
| 040 | . | ‡a | |
| 041 | 0 | . | ‡acze |
| 100 | 1 | 1. | ‡72491 ‡aManěnová, Kateřina |
| 110 | 2. | ‡aJABOK - Vyšší sociálně pedagogická a teologická škola ‡bPraha | |
| 245 | 1 | . | ‡aNeúplné rodiny v současné společnosti : ‡bdiplomová práce ‡cKateřina Maněnová ; vedoucí práce PaeDr. Petr Klíma |
| 260 | . | ‡aPraha ‡bJABOK - Vyšší sociálně pedagogická a teologická škola ‡bPraha ‡c1998 | |
| 300 | . | ‡anestr. ‡btab. v textu | |
| 504 | . | ‡abibliogr. | |
| 653 | . | ‡aneúplná rodina ‡asoučasná společnost ‡amanželství ‡arodičovství ‡arodinná politika ‡arozpad rodiny | |
| 700 | 1 | 1. | ‡74216 ‡aKlíma, Petr ‡cPaeDr. |
| 964 | . | ‡arodina | |
| 999 | . | ‡a97-d ‡c97-d ‡i424480002154 ‡l ‡tP | |
| 999 | . | ‡a97b-d ‡c97b-d ‡i424480002282 ‡l ‡tP | |
| 910 | . | ‡aABG312 | |
| 901 | . | ‡a7910 ‡bUnknown ‡c7910 ‡tbiblio | |